Birds of the high Andes (Registro nro. 786)

Detalles MARC
000 -CABECERA
Campo de control 00836nam a2200253 a 4500
005 - FECHA Y HORA DE LA ULTIMA TRANSACCION
Campo de control 20160104051215.0
008 - ELEMENTOS DE LONGITUD FIJA—INFORMACION GENERAL
Campo de control 140224t1990 dk ||||fr|||| 00| 0 eng d
020 ## - ISBN
ISBN 8788757161
040 ## - FUENTE DE CATALOGACIÓN
Agencia catalogadora original CO-BoIAVH
Agencia transcriptora CO-BoIAVH
041 ## - IDIOMA
Código de idioma para texto/pista de sonido o título separado Inglés
082 ## - NUMERO DE CLASIFICACION DECIMAL DEWEY
Número de clasificación 598.09
Número del ítem F56b
090 ## - CLASIFICACIÓN LOCAL
Colección LB
Consecutivo 00772
100 1# - ASIENTO PRINCIPAL--NOMBRE PERSONAL
Nombre personal Fjeldsa, Jon
245 1# - MENCION DE TITULO
Título Birds of the high Andes
Parte restante del título a manual to the birds of the temperate zone of the Andes and Patagonia, South America
Mención de responsabilidad Jon Fjeldsa y Niels krabbe
260 ## - PUBLICACION, DISTRIBUCION, ETC. (PIE DE IMPRENTA)
Lugar de publicación, distribución, etc. Copenhague
Nombre del editor, distribuidor, etc. University of Copenhagen
-- Apollo Books
Fecha de publicación, distribución, etc. 1990
300 ## - DESCRIPCION FISICA
Extensión 880 páginas :
Otros detalles físicos ilustraciones ;
Dimensiones 24 x 17 cm.
650 4# - ASIENTO SECUNDARIO DE MATERIA - TERMINO TEMATICO
Término temático o nombre geográfico como elemento de entrada Ecosistemas de montaña
650 ## - ASIENTO SECUNDARIO DE MATERIA - TERMINO TEMATICO
Término temático o nombre geográfico como elemento de entrada Aves
650 ## - ASIENTO SECUNDARIO DE MATERIA - TERMINO TEMATICO
Término temático o nombre geográfico como elemento de entrada Avifauna
650 ## - ASIENTO SECUNDARIO DE MATERIA - TERMINO TEMATICO
Término temático o nombre geográfico como elemento de entrada Zona templada
650 ## - ASIENTO SECUNDARIO DE MATERIA - TERMINO TEMATICO
Término temático o nombre geográfico como elemento de entrada Patagonia
700 ## - ASIENTO SECUNDARIO - NOMBRE PERSONAL
Nombre personal Krabbe, Niels
942 ## - ELEMENTOS ADICIONALES (KOHA)
Tipo de ítem Libro
Sistema de clasificación Dewey Decimal Classification
Existencias
Withdrawn status Lost status Sistema de Clasificación Damaged status No para préstamo Colección Inventariado Ubicación Permanente Ubicación actual Fecha de adquisición Fuente de Valor Total Checkouts Número topográfico Inventario / Código de Barras Date last seen Ejemplar Price effective from Tipo de material
    Dewey Decimal Classification     General Inventariado 2017 Bogotá Bogotá 09/08/1998 Amazon   LB-598.09 F56b 003306 04/12/2012 Ej. 1 04/12/2012 Libro